| 000 | 02630namaa2200397uu 4500 | ||
|---|---|---|---|
| 001 | doab135161 | ||
| 003 | oapen | ||
| 005 | 20260218110439.0 | ||
| 006 | m o d | ||
| 007 | cr|mn|---annan | ||
| 008 | 240307s2024 xx |||||o ||| 0|eng d | ||
| 020 | _a9780854661633 | ||
| 020 | _a9780854661640 | ||
| 020 | _a9780854661657 | ||
| 020 | _aintechopen.1000551 | ||
| 024 | 7 |
_a10.5772/intechopen.1000551 _2doi |
|
| 040 |
_aoapen _coapen _d |
||
| 041 | 0 | _aeng | |
| 042 | _adc | ||
| 720 | 1 |
_aCvetković, Dragan _4edt |
|
| 245 | 0 | 0 |
_aDrones _bVarious Applications |
| 260 |
_bIntechOpen _c2024 |
||
| 300 | _a1 online resource (256 p.) | ||
| 336 |
_atext _btxt _2rdacontent |
||
| 337 |
_acomputer _bc _2rdamedia |
||
| 338 |
_aonline resource _bcr _2rdacarrier |
||
| 506 | 0 |
_fUnrestricted online access _2star |
|
| 520 | _aAlthough many believe that unmanned aerial vehicles or drones are a recent invention, unmanned flight has a rich history that goes all the way back to ancient times. The first systems that can be specified under the modern definition of unmanned aerial vehicles or drones include reconnaissance drones developed and deployed during the Cold War period. Today, such systems have evolved and can have different designs. In the last twenty years, many drones with different aerodynamic characteristics, flight endurance, methods and places of launch and acceptance, and even more diverse purposes have been developed. The achievements of modern science, technique, and technology, especially in the field of microelectronics and control systems, have made it possible to design and manufacture drones that are capable of performing controllable flight in a wide range of altitudes, speeds, and distances while performing complex and diverse tasks with almost the same efficiency as well as manned aircraft. This book provides a comprehensive overview of drone technology and applications with chapters on the detection and classification of drones, issues related to electric unmanned aerial vehicles, integrating drones into educational curricula, and the uses of different types of drones in various situations, among other topics. | ||
| 540 |
_aCreative Commons _fhttps://creativecommons.org/licenses/by/3.0/ _2cc _uhttps://creativecommons.org/licenses/by/3.0/ |
||
| 546 | _aEnglish | ||
| 650 | 7 |
_aRobotics _2bicssc |
|
| 720 | 1 |
_aCvetković, Dragan _4oth |
|
| 793 | 0 | _aDOAB Library. | |
| 856 |
_uhttps://docs.google.com/spreadsheets/d/1yKIrdCPDAG_9c22mwoOIO2DOhtj65Wqa/edit?usp=sharing&ouid=106555315294820607512&rtpof=true&sd=true _yList of Curated E-Books |
||
| 942 | _cE-BOOK | ||
| 999 |
_c81135 _d81134 |
||